00976 2200325 4500001002100000005001500021035002000036007000300056008004100059020002200100082001700122084001900139100002900158245006700187250003200254300004200286650002300328700002400351700003600375264003500411336002100446337003000467338002300497040002200520090002200542850001200564504003000576999002200606990002200628INLIS00000000090179020260122093800 a0010-0126000723ta260122s2025 yoia g ind d a978-634-223-093-004223a621.3192 a621.3192 EDY d0 aEdy SupriyadiePengarang10aDasar listrik /cEdy Supriyadi, Zamtinah, Renaldo Rizki Yanuar aCetakan pertama, Maret 2025 aiv, 127 halaman :bilustrasi ;c23 cm 4aListrik, rangkaian0 aZamtinahePengarang0 aRenaldo Rizki YanuarePengarang31aYogyakarta :bUNY Press,c2025 2rdacontentateks 2rdamediaatanpa perantara 2rdacarrieravolume aYOPDYOGbinderda aCB-D.11 2025-4396 aYOPDYOG aBibliografi : halaman 133 aCB-D.11/2025-4396 aCB-D.11/2025-4396